An apologie for poetrie. (Record no. 549354)
[ view plain ]
| 000 -LEADER | |
|---|---|
| fixed length control field | 00686cam a2200181 4500 |
| 082 00 - DEWEY DECIMAL CLASSIFICATION NUMBER | |
| Classification number | 821 |
| Author Mark | BAS |
| 100 1# - MAIN ENTRY--PERSONAL NAME | |
| Personal name | Hussain, Bashir. |
| 9 (RLIN) | 45979 |
| 245 13 - TITLE STATEMENT | |
| Title | An apologie for poetrie. |
| 260 ## - PUBLICATION, DISTRIBUTION, ETC. | |
| Place of publication, distribution, etc. | Amsterdam, |
| Name of publisher, distributor, etc. | Theatrum Orbis Terrarum; |
| Place of publication, distribution, etc. | New York, |
| Name of publisher, distributor, etc. | Da Capo Press, |
| Date of publication, distribution, etc. | 1971. |
| 300 ## - PHYSICAL DESCRIPTION | |
| Extent | 1 v. (unpaged) |
| Dimensions | 21 cm. |
| 500 ## - GENERAL NOTE | |
| General note | Original imprint reads: At London, Printed for Henry Olney, and are to be sold at his shop in Paules Church-yard, at the signe of the George, neere to Cheap-gate, 1595. |
| 500 ## - GENERAL NOTE | |
| General note | Signatures: A-L⁴ |
| 500 ## - GENERAL NOTE | |
| General note | STC 22534. |
| 526 ## - STUDY PROGRAM INFORMATION NOTE | |
| Program name | 0 |
| Interest level | 0 |
| Reading level | 0 |
| Title point value | 821_000000000000000_BAS |
| 650 #0 - SUBJECT ADDED ENTRY--TOPICAL TERM | |
| Topical term or geographic name entry element | MCE |
| 9 (RLIN) | 379 |
| 650 #0 - SUBJECT ADDED ENTRY--TOPICAL TERM | |
| Topical term or geographic name entry element | Poetry |
| General subdivision | Early works to 1800. |
| 9 (RLIN) | 45980 |
| 942 ## - ADDED ENTRY ELEMENTS (KOHA) | |
| Source of classification or shelving scheme | |
| Koha item type | Book |
| Withdrawn status | Lost status | Source of classification or shelving scheme | Damaged status | Not for loan | Permanent Location | Current Location | Date acquired | Total Checkouts | Full call number | Barcode | Date last seen | Price effective from | Koha item type |
|---|---|---|---|---|---|---|---|---|---|---|---|---|---|
| Military College of Engineering (MCE) | Military College of Engineering (MCE) | 09/23/2014 | 821 BAS | MCE-5344 | 09/23/2014 | 09/23/2014 | Book |
